[Event "Gedalias x Kleber 26-02-2012"]
[Site "http://www.queenalice.com/game.php?id=1033894"]
[Date "2012.2.28"]
[Round "-"]
[White "gedalias"]
[Black "thekleber"]
[Result "1-0"]
[WhiteElo "2124"]
[BlackElo "1958"]

1. Nf3 c5 2. d4 e6 3. g3 d5 4. Bg2 Nf6 5. O-O Be7 6. Bf4 Nc6 7. c3 O-O 8. dxc5
Bxc5 9. Nbd2 b6 10. Ne5 Bb7 11. Ndf3 Bd6 12. Qc2 Qc7 13. Nd3 Bxf4 14. Nxf4 Rac8
15. Ng5 g6 16. Ngxe6 fxe6 17. Nxe6 Qf7 18. Nxf8 Rxf8 19. f3 Ne5 20. b3 Nc6 21.
Rfe1 Ne7 22. Rad1 Nf5 23. e4 dxe4 24. fxe4 Nh6 25. Rf1 Nhg4 26. Rde1 Ne5 27. c4
Qe7 28. Kh1 Qc5 29. Qd2 Nfg4 30. Rxf8+ Kxf8 31. h3 Nf2+ 32. Kh2 Neg4+ 33. hxg4
Nxg4+ 34. Kh1 Nf2+ 35. Kg1 Ng4+ 36. Kf1 Nh2+ 37. Ke2 Qh5+ 38. Kd3 a5 39. Qf4+
Kg7 40. Qc7+ Kh6 41. Qxb7 Qc5 42. Rh1 1-0

[Event "OS INCLIVEIS"]
[Site "http://www.queenalice.com/game.php?id=1048283"]
[Date "2012.4.12"]
[Round "-"]
[White "adelio"]
[Black "thekleber"]
[Result "0-1"]
[WhiteElo "1688"]
[BlackElo "1949"]

1. d4 Nf6 2. d5 b6 3. c4 Bb7 4. Nc3 e6 5. Bg5 Bb4 6. a3 Be7 7. Bxf6 Bxf6 8. e4
exd5 9. cxd5 O-O 10. Nge2 Re8 11. f3 Bh4+ 12. g3 Bf6 13. h4 d6 14. Qc2 Nd7 15.
Rd1 Ne5 16. Bg2 Nc4 17. Rd3 Ba6 18. f4 Nxb2 19. Rf3 Nc4 20. O-O g6 21. f5 Ne5
22. fxg6 Nxf3+ 23. Rxf3 hxg6 24. Qd2 Kg7 25. g4 Bxh4 26. Qd4+ Bf6 27. Rxf6 Qxf6
28. Qxf6+ Kxf6 29. Ng3 Bd3 30. Bf3 Rh8 31. Kf2 b5 32. Ke3 Bc4 33. e5+ Kxe5 34.
Nge4 a5 35. Ng5 Kf6 36. Nce4+ Ke7 37. Nd2 Ba2 38. Be4 b4 39. a4 b3 40. Nc4 Rhb8
41. Nb2 Rh8 42. Nf3 Rh3 43. g5 Rh1 44. Nc4 Bb1 45. Nfd2 Bxe4 46. Nxe4 c6 47.
dxc6 d5 48. Nb6 Re1+ 49. Kd4 Rxe4+ 50. Kxd5 b2 51. c7 b1=Q 52. Nxa8 Qb7+ 53. Kc5
Qb4+ 54. Kc6 Rc4+ 55. Kd5 Qc5# 0-1

[Event "Gedalias x Kleber 01-05-2012"]
[Site "http://www.queenalice.com/game.php?id=1054980"]
[Date "2012.5.1"]
[Round "-"]
[White "gedalias"]
[Black "thekleber"]
[Result "0-1"]
[WhiteElo "2059"]
[BlackElo "1960"]

1. d4 Nf6 2. Nc3 g6 3. e4 d6 4. Be2 Bg7 5. Nf3 O-O 6. O-O a6 7. e5 dxe5 8. dxe5
Ng4 9. Bg5 Nxe5 10. Qxd8 Rxd8 11. Bxe7 Re8 12. Nd5 Nxf3+ 13. Bxf3 Be5 14. Nf6+
Bxf6 15. Bxf6 Nc6 16. Bxc6 bxc6 17. Rfe1 Bf5 18. c3 Re6 19. Be5 Rae8 20. f4 f6
0-1

[Event "OS INCLIVEIS"]
[Site "http://www.queenalice.com/game.php?id=1062586"]
[Date "2012.5.22"]
[Round "-"]
[White "adelio"]
[Black "thekleber"]
[Result "0-1"]
[WhiteElo "1691"]
[BlackElo "1955"]

1. e4 e6 2. e5 d5 3. exd6 Bxd6 4. g3 Bd7 5. h3 Bc6 6. Rh2 Qf6 7. Qe2 Nd7 8. d4
Qxd4 9. c3 Qe5 10. Be3 Qf6 11. Nd2 Bc5 12. Ndf3 O-O-O 13. O-O-O Bxe3+ 14. fxe3
Ne7 15. Rf2 Qh6 16. Rd2 Nf5 17. e4 Nxg3 18. Qe1 Nxe4 19. Bd3 Nxd2 20. Qxd2 Qxd2+
21. Rxd2 Nc5 22. Ne5 Nxd3+ 23. Nxd3 Bb5 24. Kc2 Bxd3+ 25. Kc1 Bf5 26. Rg2 g6 27.
h4 Rd3 28. Ne2 Rhd8 29. Nd4 Rh3 30. Nxf5 exf5 31. Kc2 Rxh4 32. Kb3 f4 33. Re2 f3
34. Re7 Rf4 35. Re1 g5 36. Rh1 f2 37. Rf1 Re8 38. Rxf2 Rxf2 39. a4 Ree2 40. Kc4
c6 41. b4 Kd7 42. a5 Kd6 43. b5 cxb5+ 44. Kxb5 Rf4 45. c4 Rb2+ 46. Ka4 Kc5 47.
Ka3 Rb4 48. a6 bxa6 49. Ka2 Kxc4 50. Ka3 Rf5 51. Ka2 Ra5# 0-1

[Event "Kleber x Gedalias"]
[Site "http://www.queenalice.com/game.php?id=1080733"]
[Date "2012.7.9"]
[Round "-"]
[White "thekleber"]
[Black "gedalias"]
[Result "1-0"]
[WhiteElo "1989"]
[BlackElo "1980"]

1. Nf3 Nf6 2. d4 d5 3. b3 Nc6 4. Bb2 e6 5. Nbd2 Be7 6. e3 Bd7 7. c4 dxc4 8. Bxc4
Nb4 9. O-O O-O 10. a3 Nbd5 11. h3 c5 12. Rc1 Rc8 13. Ne5 b6 14. Ba6 Rc7 15. Qf3
Bd6 16. Rfd1 Bc8 17. Bd3 Bb7 18. Ne4 Qe7 19. Nxd6 Qxd6 20. dxc5 bxc5 21. Bc4 Qe7
22. Qg3 Rd8 23. Ng4 Rcd7 24. Bxd5 Nh5 25. Qe5 Rxd5 26. Rxd5 Rxd5 27. Qb8+ Rd8
28. Qxa7 Rc8 29. a4 Rc7 30. Be5 Rc8 31. Bd6 Qxd6 32. Qxb7 Rb8 33. Qa7 Rxb3 34.
Qxc5 Qxc5 35. Rxc5 f5 36. Ne5 Rb8 37. Ra5 g6 38. Ra7 Nf6 39. a5 Nd5 40. a6 Nb4
41. Nd7 Rd8 42. Nc5 Rd6 43. Ra8+ Kg7 44. a7 Nc6 45. Rg8+ Kxg8 46. a8=Q+ Kg7 47.
Kh2 Ne5 48. Qa1 Rd5 49. f4 Rxc5 50. Qa7+ Nd7 51. Qxd7+ Kh6 52. Qxe6 Rc7 53. e4
fxe4 54. Qxe4 Rf7 55. Kg3 Kg7 56. Kf3 Rf5 57. g4 Rf7 58. Qe5+ Kg8 59. Kg3 Rf8
60. Kh4 Rf7 61. Kg5 Ra7 62. Kh6 Rf7 63. Qe6 Kf8 64. Qc8+ Ke7 65. Qc7+ Ke6 66.
Qxf7+ Kxf7 67. Kxh7 Kf6 68. Kh6 g5 69. fxg5+ Kf7 70. Kh7 Kf8 71. g6 1-0

[Event "Challenge"]
[Site "http://www.queenalice.com/game.php?id=1114684"]
[Date "2012.10.21"]
[Round "-"]
[White "dano"]
[Black "thekleber"]
[Result "0-1"]
[WhiteElo "1799"]
[BlackElo "1980"]

1. b3 Nf6 2. e3 g6 3. Bb2 Bg7 4. Nf3 O-O 5. Be2 c5 6. O-O d5 7. d3 Nc6 8. e4 Bg4
9. h3 Bd7 10. Nbd2 Qc8 11. Nh2 d4 12. c3 dxc3 13. Bxc3 Nd4 14. Bg4 Nxg4 15. Rc1
Nxh2 16. Kxh2 Qb8+ 17. g3 h5 18. f4 Qd6 19. g4 hxg4 20. hxg4 Ne6 21. Nc4 Qc7 22.
e5 Nd4 23. Kg3 Bc6 24. Nd2 f5 25. g5 Kf7 26. Bxd4 cxd4 27. Nf3 Qd7 28. Qe2 Rh8
29. Rh1 e6 30. Rh2 Rxh2 31. Qxh2 Rh8 32. Qf2 Bxf3 33. Qxf3 Bf8 34. Rh1 Rxh1 35.
Qxh1 Ke8 36. Qc1 Qc6 37. Qxc6+ bxc6 0-1

[Event "Kleber x Gedalias "]
[Site "http://www.queenalice.com/game.php?id=1189426"]
[Date "2013.6.9"]
[Round "-"]
[White "thekleber"]
[Black "gedalias"]
[Result "0-1"]
[WhiteElo "1969"]
[BlackElo "2026"]

1. d4 d5 2. Nf3 c5 3. e3 Nc6 4. c4 e6 5. Bd3 dxc4 6. Bxc4 cxd4 7. exd4 Nf6 8.
O-O Be7 9. Nc3 O-O 10. a3 Na5 11. Ba2 b6 12. b4 Nc6 13. Ne5 Nxd4 14. Bb2 Bb7 15.
Rc1 Qd6 16. Ne2 Nxe2+ 17. Qxe2 Nd5 18. Rfd1 Rac8 19. Qg4 Bf6 20. Nc4 Qe7 21.
Bxf6 Qxf6 22. Nd6 Rxc1 23. Rxc1 Ba8 24. Bxd5 Bxd5 25. Qe2 Qg5 0-1

[Event "Challenge"]
[Site "http://www.queenalice.com/game.php?id=1195162"]
[Date "2013.6.28"]
[Round "-"]
[White "gedalias"]
[Black "thekleber"]
[Result "1-0"]
[WhiteElo "2093"]
[BlackElo "1976"]

1. d4 Nf6 2. g3 d5 3. c4 e6 4. Nc3 b6 5. Bg2 Bb7 6. cxd5 Nxd5 7. Nf3 Be7 8. O-O
Nxc3 9. bxc3 O-O 10. c4 c5 11. d5 exd5 12. Ne5 Qc7 13. Ng4 dxc4 14. Bxb7 Qxb7
15. Qc2 h5 16. Ne5 h4 17. Qxc4 Bf6 18. Bb2 h3 19. f3 Nc6 20. Nd3 Bxb2 21. Nxb2
Rad8 22. Rad1 Qe7 23. Rxd8 Qe3+ 24. Kh1 Rxd8 25. Nd1 Qd2 26. Nf2 Ne5 27. Qh4 c4
28. Nxh3 Qxe2 29. Qxd8+ Kh7 30. Rf2 Qe1+ 31. Kg2 f6 32. Qd2 Qb1 33. Qc2+ Qxc2
34. Rxc2 b5 35. a3 a5 36. Nf2 f5 37. f4 Nd7 38. a4 b4 39. Rxc4 Kg6 40. Nd3 Kf7
41. Ne5+ Nxe5 42. fxe5 Ke6 43. Rc5 b3 44. Rxa5 1-0

[Event "Challenge"]
[Site "http://www.queenalice.com/game.php?id=1195163"]
[Date "2013.6.28"]
[Round "-"]
[White "gedalias"]
[Black "thekleber"]
[Result "0-1"]
[WhiteElo "2088"]
[BlackElo "1955"]

1. e4 e6 2. d4 d5 3. e5 c5 4. Bb5+ Bd7 5. Bxd7+ Nxd7 6. c3 cxd4 7. cxd4 Bb4+ 8.
Nd2 Ne7 9. a3 Ba5 10. b4 Bb6 11. Bb2 O-O 12. Nb3 Ng6 13. Nf3 f6 14. exf6 Qxf6
15. O-O Bc7 16. Qd2 Nh4 17. Nxh4 Qxh4 18. g3 Qh3 19. Nc5 Nf6 20. Nxb7 Ne4 21.
Qe3 Ng5 22. Qxg5 Rf6 23. Qd2 Rf3 24. Kh1 Raf8 25. Kg1 R8f6 26. Qe2 Rh6 27. Qxf3
Qxh2# 0-1

[Event "CGC X AJU - 02/08/2013"]
[Site "http://www.queenalice.com/game.php?id=1204740"]
[Date "2013.8.2"]
[Round "-"]
[White "thekleber"]
[Black "gedalias"]
[Result "1/2-1/2"]
[WhiteElo "1973"]
[BlackElo "1986"]

1. c4 e5 2. Nc3 Nc6 3. g3 Nf6 4. Bg2 Bc5 5. Nf3 d5 6. cxd5 Nxd5 7. Nxd5 Qxd5 8.
Nh4 Qd6 9. O-O O-O 10. d3 Nd4 11. Bd2 Rb8 12. Bc3 Be6 13. e3 Nf5 14. Nf3 f6 15.
a3 b5 16. d4 exd4 17. exd4 Bb6 18. Bb4 c5 19. dxc5 Bxc5 20. Qxd6 Bxd6 21. Bxd6
Nxd6 22. Rfe1 Rfe8 23. Nd4 Bf7 24. Bc6 Rxe1+ 25. Rxe1 Be8 26. Bxe8 Nxe8 27. Nxb5
Rxb5 28. Rxe8+ Kf7 29. Re2 a5 30. Kg2 g5 31. g4 f5 32. gxf5 Rxf5 33. b4 axb4 34.
axb4 h5 35. Ra2 Rb5 36. Ra5 Rxb4 37. Rxg5 h4 38. h3 Rb8 39. Kf3 Rb3+ 40. Kg4
Rb4+ 41. Kh5 Rf4 42. Rg2 Kf6 43. Rg8 Kf7 44. Rg4 Rxf2 45. Kxh4 Kf6 46. Kg3 Rf1
47. Kh4 Rf5 48. Kg3 Rg5 49. Kh4 Rf5 50. Rb4 Rf1 51. Rb6+ Kf5 52. Rb8 Rg1 53.
Rf8+ Ke6 54. Kh5 Ke7 55. Rf4 Ke6 56. h4 Ke5 57. Rf8 Rh1 58. Rf7 Ke6 59. Rf4 Ke5
60. Kg5 Rg1+ 61. Rg4 1/2-1/2

[Event "OS INCLIVEIS"]
[Site "http://www.queenalice.com/game.php?id=1213824"]
[Date "2013.9.2"]
[Round "-"]
[White "adelio"]
[Black "thekleber"]
[Result "0-1"]
[WhiteElo "1765"]
[BlackElo "1965"]

1. b4 e6 2. b5 b6 3. e4 Bb7 4. e5 d5 5. d4 c5 6. Nf3 cxd4 7. Nxd4 Nd7 8. Nf3 Qc7
9. Bb2 Ne7 10. g4 Ng6 11. Qd4 Bc5 12. Qd2 Rc8 13. Na3 O-O 14. Bd3 Bb4 15. c3
Bxc3 16. Bxc3 Qxc3 17. Qxc3 Rxc3 18. Bxg6 hxg6 19. Nd4 Rxa3 20. g5 Nxe5 21. O-O
Nf3+ 22. Nxf3 Rxf3 23. Rac1 d4 24. Rc7 Ba8 25. Rfc1 Rc3 26. Kf1 Rxc1+ 27. Rxc1
d3 28. Ke1 Rd8 29. Kd2 e5 30. h4 f5 31. gxf6 gxf6 32. Rg1 Kf7 33. f3 Bxf3 34. a4
Bb7 35. Rg3 e4 36. h5 gxh5 37. Rh3 Rd5 38. Rh2 Rc5 39. Ke3 f5 40. Rxh5 f4+ 41.
Kxf4 Rxh5 42. Ke3 Rh3+ 43. Kd2 Rh2+ 44. Kd1 e3 45. Kc1 Rd2 46. a5 bxa5 47. Kb1
Rc2 48. Ka1 e2 49. b6 e1=R# 0-1

[Event "Challenge"]
[Site "http://www.queenalice.com/game.php?id=1227112"]
[Date "2013.10.25"]
[Round "-"]
[White "gedalias"]
[Black "thekleber"]
[Result "1-0"]
[WhiteElo "1972"]
[BlackElo "1962"]

1. Nf3 Nf6 2. Nc3 g6 3. d4 d5 4. h3 Bg7 5. Ng5 O-O 6. e3 a6 7. Be2 Bf5 8. O-O c6
9. Bf3 Re8 10. e4 dxe4 11. Ncxe4 Nxe4 12. Nxe4 Bxe4 13. Bxe4 Bxd4 14. Qf3 Qb6
15. c3 Bg7 16. b3 Bxc3 17. Qxc3 Nd7 18. Bb2 f6 19. Qc4+ Kg7 20. Rad1 Rad8 21.
Qe2 Qa5 22. Bf3 Qc7 23. g4 g5 24. Be4 h6 25. Bf5 Nf8 26. Rxd8 Rxd8 27. Rd1 Ng6
28. Bxg6 Kxg6 29. Rxd8 Qxd8 30. Ba3 e5 31. Qc2+ Kg7 32. Qf5 b6 33. Qe6 c5 34. b4
cxb4 35. Bxb4 Kg6 36. Be7 Qh8 37. Qxb6 h5 38. Kg2 Qa8+ 39. Kh2 Qh8 40. Qxa6 hxg4
41. Qa3 Qh4 42. Qg3 Qh7 43. Bb4 gxh3 44. Qxh3 Qc7 45. a3 e4+ 46. Qg3 Qh7+ 47.
Kg2 Qb7 48. Qe3 f5 49. Ba5 Qd5 50. Bb4 f4 51. Qc5 Qb3 52. Qc6+ Kf5 53. Qd7+ Kg6
54. Qe8+ Kf5 55. Qh5 e3 56. Qh3+ Kg6 57. Qg4 Qa2 58. Qf3 Kf5 59. Kf1 Qc4+ 60.
Qe2 Qc1+ 61. Kg2 Qc6+ 62. f3 Kg6 63. Qd3+ Kg7 64. Qc3+ Qf6 65. Qxf6+ Kxf6 66. a4
Ke6 67. a5 Kd5 68. Be7 g4 69. fxg4 Ke4 70. Bh4 f3+ 71. Kf1 e2+ 72. Ke1 Ke3 73.
a6 Kf4 74. a7 Kxg4 75. Bf2 1-0

[Event "Desafio em família! "]
[Site "http://www.queenalice.com/game.php?id=1231351"]
[Date "2013.11.9"]
[Round "-"]
[White "Ana_Cris"]
[Black "thekleber"]
[Result "1/2-1/2"]
[WhiteElo "1469"]
[BlackElo "1974"]

1. b3 Nf6 2. Na3 e6 3. Nc4 d5 4. Nb2 c5 5. g3 Nc6 6. Bh3 Be7 7. Nf3 O-O 8. Nd3
b5 9. Nde5 Nxe5 10. Nxe5 Bb7 11. Bb2 c4 12. bxc4 dxc4 13. f3 Qc7 14. d4 Rad8 15.
e3 c3 16. Bc1 a5 17. Rb1 b4 18. a3 Bd6 19. O-O Bxe5 20. f4 Bd6 21. axb4 axb4 22.
Bg2 Bxg2 23. Kxg2 Qc6+ 24. Kf2 Ne4+ 25. Kg1 f6 26. Qg4 Nd2 27. Qxe6+ Kh8 28.
Bxd2 cxd2 29. Rbd1 Qxc2 30. h4 b3 31. h5 b2 32. Qa2 Rb8 33. h6 Qc1 34. Qe6 b1=Q
35. Rxc1 dxc1=Q 36. hxg7+ Kxg7 37. Qd7+ Rf7 38. Qg4+ Kf8 39. Rxc1 Qxc1+ 40. Kh2
Rb2+ 1/2-1/2

[Event "Desafio familiar 2!"]
[Site "http://www.queenalice.com/game.php?id=1240726"]
[Date "2013.12.17"]
[Round "-"]
[White "thekleber"]
[Black "Ana_Cris"]
[Result "1-0"]
[WhiteElo "1960"]
[BlackElo "1497"]

1. e4 d6 2. d4 g5 3. Bxg5 h6 4. Bh4 Bg7 5. f4 Bf6 6. Bf2 Nd7 7. Nf3 Nb6 8. Be2
d5 9. e5 Bg7 10. b3 f6 11. O-O Bf5 12. Nh4 Be6 13. Bh5+ Kd7 14. Bg4 f5 15. Bxf5
h5 16. Qd3 a6 17. Bxe6+ Ke8 18. Qg6+ Kf8 19. Qf7# 1-0

[Event "Desafio familiar 3!"]
[Site "http://www.queenalice.com/game.php?id=1241915"]
[Date "2013.12.22"]
[Round "-"]
[White "Ana_Cris"]
[Black "thekleber"]
[Result "1/2-1/2"]
[WhiteElo "1528"]
[BlackElo "1932"]

1. e4 e6 2. e5 d5 3. d4 c5 4. Ne2 Nc6 5. c3 Nge7 6. Ng3 Ng6 7. Nh5 Bd7 8. Bd3 b6
9. O-O Nge7 10. Ba6 Ng8 11. Qg4 g6 12. Nf6+ Nxf6 13. exf6 Qxf6 14. Bg5 Qg7 15.
Qf4 Be7 16. Bh6 Qf6 17. Qc7 cxd4 18. Bb7 Bd8 19. Qd6 Be7 20. Qc7 Rd8 21. Bxc6 g5
22. Bxd7+ Rxd7 23. Qg3 Qxh6 24. Nd2 dxc3 25. Qxc3 O-O 26. Nf3 f6 27. Rfe1 Kf7
28. Nd4 Rd6 29. Nb5 Rd7 30. Qc6 Rfd8 31. Qxe6+ Kg7 32. Rac1 Bc5 33. h3 d4 34.
Re4 d3 35. Kf1 Qh5 36. f3 a6 37. Nc3 d2 38. Rd1 Re7 39. Qg4 Qxg4 40. fxg4 Rxe4
41. Nxe4 Re8 42. Nxd2 Rd8 43. Ke2 Kg6 44. Ne4 Rxd1 45. Kxd1 Bd4 46. g3 Bxb2 47.
h4 gxh4 48. gxh4 h5 49. g5 fxg5 50. Nxg5 Kf5 51. Ke2 Kg4 52. Nf3 Bf6 53. Kf2
Bxh4+ 54. Ke3 Bg5+ 55. Nxg5 Kxg5 56. Kd4 h4 57. Kc4 h3 1/2-1/2

[Event "Vc x Eu-Ano Novo de Realizaçõe"]
[Site "http://www.queenalice.com/game.php?id=1243368"]
[Date "2013.12.28"]
[Round "-"]
[White "thekleber"]
[Black "gedalias"]
[Result "0-1"]
[WhiteElo "1946"]
[BlackElo "1990"]

1. Nf3 Nf6 2. b3 Nc6 3. Bb2 d6 4. d4 d5 5. e3 e6 6. Bd3 Bd6 7. O-O O-O 8. Nbd2
b6 9. a3 Bb7 10. c4 dxc4 11. Bxc4 Ne7 12. Be2 Ne4 13. Qc2 Nxd2 14. Nxd2 Nd5 15.
Bf3 Qh4 16. h3 Qg5 17. Ne4 Qg6 18. Rac1 Rac8 19. Nxd6 Qxc2 20. Rxc2 cxd6 21.
Rfc1 Rxc2 22. Rxc2 Ba8 23. Be2 Ne7 24. Ba6 Bc6 25. a4 h5 26. Ba3 Rd8 27. f3 f5
28. Bc4 Kf7 29. e4 fxe4 30. fxe4 Bxe4 31. Rf2+ Kg6 32. Bxe6 Nf5 33. g4 hxg4 34.
hxg4 Nxd4 35. Bf7+ Kg5 36. Bc1+ Kh4 37. Bg5+ Kxg5 38. Bc4 Kxg4 39. Rf7 g5 40.
Rxa7 Rf8 41. Ra6 d5 42. Bf1 Nf3+ 43. Kf2 Nd2+ 44. Ke3 Nxf1+ 45. Kd4 Rb8 0-1

[Event "Vc. x Eu"]
[Site "http://www.queenalice.com/game.php?id=1249401"]
[Date "2014.1.18"]
[Round "-"]
[White "thekleber"]
[Black "gedalias"]
[Result "0-1"]
[WhiteElo "1916"]
[BlackElo "2093"]

1. Nf3 Nc6 2. d4 d5 3. b3 Nf6 4. Bb2 g6 5. c4 Bg7 6. Nbd2 O-O 7. e3 Na5 8. Be2
b6 9. O-O Ne4 10. Rc1 Bb7 11. Qc2 Nxd2 12. Nxd2 e6 13. cxd5 Bxd5 14. Qxc7 Qg5
15. Bf3 Bxf3 16. Nxf3 Qb5 17. Qe7 Nc6 18. Qd6 Rac8 19. Ba3 Rfd8 20. Qf4 Rd7 21.
Rc2 Rdc7 22. Rfc1 Qd5 23. Qd6 Qb5 24. Ne5 Bf8 25. Qxf8+ Rxf8 26. Rxc6 Rxc6 27.
Nxc6 Re8 28. d5 exd5 29. g4 Qe2 30. h3 Qxa2 31. Bd6 Qb2 32. Rf1 Qf6 33. Ne7+
Rxe7 0-1

[Event "Challenge"]
[Site "http://www.queenalice.com/game.php?id=1249557"]
[Date "2014.1.19"]
[Round "-"]
[White "Flamengo_Brasil"]
[Black "thekleber"]
[Result "1-0"]
[WhiteElo "2286"]
[BlackElo "1918"]

1. e4 e6 2. d4 d5 3. e5 c5 4. c3 Nc6 5. Nf3 h6 6. Be2 Nge7 7. Na3 Ng6 8. O-O Be7
9. Bd3 O-O 10. Be3 Qb6 11. Qe2 cxd4 12. cxd4 Nh4 13. Nxh4 Bxh4 14. Nc2 Bd7 15.
Qg4 Bg5 16. Bxg5 hxg5 17. Rab1 g6 18. Qxg5 Nxd4 19. Bxg6 fxg6 20. Qxg6+ Kh8 21.
Qh5+ Kg7 22. Qg4+ 1-0